Vida en Ministerio

Bibliographic Details
Main Author: Ortiz Jiménez, Pedro Celestino
Format: Section = Libro
Language:Undetermined
Spanish
Published: Republica Dominicana Continental 2008
Subjects:
LEADER 00460nam a2200181Ia 4500
008 240830s9999 xx 000 0 und d
020 |a 978-9945-16-237-0 
040 |a B-ESTELÍ- RUACS / 200 O77 
041 |a spa 
082 |a 200 O77  
100 1 |a Ortiz Jiménez, Pedro Celestino 
245 1 0 |a Vida en Ministerio 
260 |a Republica Dominicana  |b Continental  |c 2008 
300 |a 146 p:il 
650 7 |a RELIGION 
942 |c BK  |2 ddc 
991 |a TEXTO 
999 |c 10636